Statistics for General Knowledge Quiz #95

Click here to take the quiz!

General Stats

  • This quiz has been taken 94,659 times
    (58,343 since last reset)
  • The average score is 13 of 20

Answer Stats

QuestionAnswer% Correct
What artist famously cut off part of his left ear?Vincent Van Gogh
90%
What's the most popular sport in India?Cricket
89%
What is the most populous city in Canada?Toronto
85%
Who was Bonnie Parker's partner in crime?Clyde Barrow
77%
What country has about 5 million people, but 25 million sheep?New Zealand
77%
Who famously said, in 1946, that an "Iron Curtain" had descended across Europe?Winston Churchill
77%
In 2014, a Boeing 777 mysteriously disappeared over the Indian Ocean.
What country did it take off from?
Malaysia
76%
What type of animal was Willy in the movie "Free Willy"? (be specific)Orca
74%
What type of animal appears on the greatest number of national flags (9)?Eagle
73%
What gas was inside the Hindenburg zeppelin when it caught fire in 1937?Hydrogen
73%
What does a kleptomaniac have a compulsion to do?Steal
73%
Which U.S. state has the longest total amount of coastline?Alaska
71%
What word refers either to a sharp knife or a high heel?Stiletto
66%
In what movie did Meryl Streep play a character inspired by "Vogue"
editor Anna Wintour?
The Devil Wears Prada
63%
What city comes next in this sequence: Atlanta, Sydney, Athens, Beijing?London
62%
What undefeated welterweight boxer retired in 2017 with more than $1 billion
in career earnings?
Floyd Mayweather
46%
Who famously wore a pink Chanel suit and matching pillbox hat?Jacqueline Kennedy
38%
What country used to have a white elephant on its flag?Thailand (Siam)
38%
In what country were the Smurfs invented?Belgium
37%
What type of alien is the Doctor from Doctor Who?Time Lord
27%

Score Distribution

Percentile by Number Answered

Percent of People with Each Score

Your Score History

You have not taken this quiz since the last reset